Effects of nano-fillers and process conditions on the microstructure and mechanical properties of microcellular injection molded polyamide nanocomposites (Record no. 58359)

MARC details
000 -LEADER
fixed length control field 00544nam a2200169Ia 4500
100 ## - MAIN ENTRY--AUTHOR NAME
Personal name Kharbas Hrishikesh
245 #0 - TITLE STATEMENT
Title Effects of nano-fillers and process conditions on the microstructure and mechanical properties of microcellular injection molded polyamide nanocomposites
260 ## - PUBLICATION, DISTRIBUTION, ETC. (IMPRINT)
Name of publisher Polymer Composites
Year of publication 2003
300 ## - PHYSICAL DESCRIPTION
Number of Pages 655-671
650 ## - SUBJECT ADDED ENTRY--TOPICAL TERM
Topical Term Nano-fillers
700 ## - ADDED ENTRY--PERSONAL NAME
Personal name Gong Shaoqin
700 ## - ADDED ENTRY--PERSONAL NAME
Personal name Nelson Paul
700 ## - ADDED ENTRY--PERSONAL NAME
Personal name Turng Lih-Sheng
700 ## - ADDED ENTRY--PERSONAL NAME
Personal name Yuan Mingjun
942 ## - ADDED ENTRY ELEMENTS (KOHA)
Koha item type Journals
Holdings
Withdrawn status Lost status Damaged status Not for loan Home library Current library Shelving location Date acquired Serial Enumeration / chronology Koha item type
      Journals RRII Library RRII Library Rubber chemistry 17/12/2021 Volume 24, Issue 6 Journals